Ganadores Red Bull Batalla Venezuela - Estadísticas

Estadísticas generales
  • Esta prueba ha sido intentada 38 veces
  • La puntuación promedio es 4 de 9
Estadísticas de respuestas
Año MC % Correcto
2018 Letra
96%
2019 Chang
80%
2016 Lancer Lirical
68%
2017 Gaviria
56%
2015 Imigrante
44%
2007 Kim
36%
2006 Biancucci
32%
2008 Engel Armas
16%
2005 MC Ardilla
16%
No se encontraron pruebas coincidentes
Distribución de puntuación
Porcentaje de gente con cada puntuación
Porcentaje por número respondido
Historial de tus puntuaciones
No has intentado esta prueba.